| 000 | 00532cam a22002171 4500 | ||
|---|---|---|---|
| 001 | sa 64005997 | ||
| 003 | DLC | ||
| 005 | 20260227112036.0 | ||
| 008 | 890614s1963 ii 000 0 hino | ||
| 010 | _asa 64005997 | ||
| 035 | _a(OCoLC)19871520 | ||
| 040 |
_aDLC _cWaU _dDLC |
||
| 042 | _apremarc | ||
| 050 | 0 | 0 |
_aPK2033 _b.B53 |
| 100 | 1 | _aBhatnagar, Ram Ratan. | |
| 245 | 1 | 0 | _aSāmayika jīvana aura sāhitya. |
| 260 | _c[1963] | ||
| 300 |
_a6, 5, 3, 503 p. _c20 cm. |
||
| 500 | _aIn Hindi. | ||
| 650 | 0 | _aHindi literature. | |
| 999 |
_c59459 _d59459 |
||